Statistiques concernant Les 100 Plus Grandes Villes du Royaume-Uni

Cliquez ici pour prendre le quiz!

Statistiques générales

  • Ce quiz a été pris 431 fois
  • Le résultat moyen est 31 sur 100

Statistiques - réponses

PopulationVille% Correct
9,047,570Londres
100%
586,889Liverpool
97%
563,561Manchester
97%
1,160,254Birmingham
95%
504,020Édimbourg
93%
629,920Glasgow
93%
354,178Cardiff
89%
511,164Leeds
88%
338,160Belfast
84%
269,750Southampton
79%
162,291Oxford
74%
315,987Nottingham
73%
577,246Bristol
71%
472,558Leicester
71%
552,143Sheffield
71%
244,917Brighton and Hove
70%
198,480Aberdeen
64%
239,677Plymouth
64%
148,861Cambridge
62%
185,460Swansea
60%
248,929Portsmouth
57%
164,369York
57%
197,212Norwich
56%
174,807Sunderland
51%
230,031Northampton
48%
382,073Coventry
47%
197,383Bournemouth
45%
145,821Blackpool
43%
264,654Derby
43%
287,535Newcastle upon Tyne
42%
220,873Wolverhampton
41%
125,819Exeter
40%
103,614Bath
37%
149,010Dundee
36%
221,502Luton
34%
141,651Watford
34%
229,482Reading
33%
366,187Bradford
32%
148,742Ipswich
32%
120,932Blackburn
30%
205,411Bolton
30%
87,983Chester
30%
177,354Middlesbrough
30%
147,509Gloucester
29%
278,137Stoke-on-Trent
29%
288,028Kingston upon Hull
24%
136,078Newport
24%
102,791Worcester
22%
171,809Huddersfield
21%
178,805Peterborough
21%
99,760Preston
21%
138,131Colchester
20%
184,824Milton Keynes
19%
192,408Swindon
19%
107,732Wigan
19%
185,111Southend-on-Sea
17%
116,834Doncaster
16%
106,415Lincoln
16%
159,449Poole
14%
98,924Barnsley
13%
111,481Rotherham
13%
93,539Hastings
12%
117,073Cheltenham
11%
89,469Chesterfield
10%
112,198Crawley
10%
108,606Oldham
10%
113,893Rochdale
10%
114,809Eastbourne
9%
138,206Sale
9%
164,770Slough
9%
111,694Stockport
9%
88,323Grimsby
8%
107,531Sutton Coldfield
8%
172,684Warrington
8%
93,378Bedford
7%
118,759Chelmsford
7%
108,584Gillingham
7%
92,923Halifax
7%
90,074Hartlepool
7%
94,081Stevenage
7%
105,127St Helens
7%
115,191Worthing
7%
93,305Darlington
6%
122,657Salford
6%
93,902Southport
6%
117,681Basildon
5%
114,402Basingstoke
5%
145,775Birkenhead
5%
122,249Gateshead
5%
119,905Maidstone
5%
127,898Solihull
5%
107,546Wakefield
5%
88,485Weston-super-Mare
5%
107,854Woking
5%
152,222Telford
3%
88,950Aylesbury
2%
102,870Hemel Hempstead
2%
123,813High Wycombe
2%
90,429Nuneaton
2%
99,556Rayleigh
1%

Distribution des résultats

Percentile par nombre de réponses

% des personnes avec chaque résultat

Votre développement - résultats

Vous n’avez pas pris ce quiz